00297nam a2200109Ia 4500008004100000020002200041040002900063050002100092100002000113245001900133260003500152230107s9999||||xx |||||||||||||| ||und|| a10: 0 87220 136 8 cChuka University Library aJC 71 bP53 1992 aG.M.A Grube(ed) 0aPlato republic aHacket pubbIndianapolisc1992